000 00290nam a22001337a 4500
008 170601b xxu||||| |||| 00| 0 eng d
020 _a18461
041 _aeng
080 _a94(3)
100 _a17
101 _aSHH
245 _aREADINGS IN ANCIENT HISTORY
_cHANSON, H
942 _2udc
_cBK
999 _c15305
_d15305